000
00343nam a2200133Ia 4500
008
221030s9999 xx 000 0 und d
041
_a
English
100
_a
M. K. Roy
245
0
_a
Cobol Programming Including MS Cobel & Cobol- 85
_c
by M. K. Roy, Dasticlar, D. G
260
_c
0
650
_a
B
700
_a
Dasticlar, D. G
942
_c
BK
999
_c
14460
_d
14460